| 000 | 00403pab a2200157 454500 | ||
|---|---|---|---|
| 008 | 180718b2010 xxu||||| |||| 00| 0 eng d | ||
| 100 | _aParikh, Kirit S. | ||
| 245 | _aThe logic of the expert group report on petroleum prices | ||
| 260 | _c2010 | ||
| 300 | _ap.18-23. | ||
| 362 | _a15 May | ||
| 650 | _aPetroleum products | ||
| 773 | _aEconomic and Political Weekly | ||
| 908 | _aN | ||
| 909 | _a86757 | ||
| 999 |
_c86757 _d86757 |
||